INTRODUCTORY RURAL SOCIOLOGY (Record no. 29616)

000 -LEADER
fixed length control field 00383nam a2200157Ia 4500
003 - CONTROL NUMBER IDENTIFIER
control field OSt
005 - DATE AND TIME OF LATEST TRANSACTION
control field 20260420130027.0
008 - FIXED-LENGTH DATA ELEMENTS--GENERAL INFORMATION
fixed length control field 200615s9999||||xx |||||||||||||| ||und||
040 ## - CATALOGING SOURCE
Transcribing agency MUIT LUCKNOW
082 ## - DEWEY DECIMAL CLASSIFICATION NUMBER
Classification number 630
Item number INT-J
100 ## - MAIN ENTRY--PERSONAL NAME
Personal name J B CHITAMBAR
245 #0 - TITLE STATEMENT
Title INTRODUCTORY RURAL SOCIOLOGY
250 ## - EDITION STATEMENT
Edition statement 1ST
260 ## - PUBLICATION, DISTRIBUTION, ETC.
Place of publication, distribution, etc. new delhi
Name of publisher, distributor, etc. NEW AGE INTERNATIONAL
Date of publication, distribution, etc. 2018
942 ## - ADDED ENTRY ELEMENTS (KOHA)
Koha item type Book
Source of classification or shelving scheme
Holdings
Withdrawn status Lost status Source of classification or shelving scheme Damaged status Not for loan Collection code Permanent Location Current Location Date acquired Total Checkouts Full call number Barcode Date last seen Price effective from Koha item type
          School of Arts and Humanity Maharishi School of Science & Humanities (Lucknow) Maharishi School of Science & Humanities (Lucknow) 2020-06-15   630 INT-J SOE02424 2020-06-15 2020-06-15 Book

All Rights Reserved@MUIT

Powered by Koha